Statistics for Top 10 Visited US National Parks in 2019

Click here to take the quiz!

General Stats

  • This quiz has been taken 30 times
  • The average score is 7 of 10

Answer Stats

HintAnswer% Correct
5Yosemite
100%
6Yellowstone
96%
2Grand Canyon
85%
4Zion
73%
1Great Smoky Mountains
65%
7Acadia
62%
9Olympic
58%
3Rocky Mountain
54%
10Glacier
54%
8Grand Teton
46%

Score Distribution

Percentile by Number Answered

Percent of People with Each Score

Your Score History

You have not taken this quiz